| 000 | 01049nam a2200265mi 4500 | ||
|---|---|---|---|
| 001 | 000014481 | ||
| 003 | DO-SdBNP | ||
| 005 | 20251029122142.0 | ||
| 008 | 860101s1976 ve af 000 0 spa d | ||
| 035 | _aOCLC ocm05640225 from D960502M | ||
| 040 |
_aDO-SdBNP _cCOO _dEQO |
||
| 082 | _aD0503886096 | ||
| 090 |
_aJL3898.M9 _bM93 |
||
| 110 | 2 |
_aMovimiento Electoral del Pueblo. _932702 |
|
| 245 | 1 | 0 |
_aDel tradicionalismo a la modernidad / _cprólogo, Luis B. Prieto F. |
| 260 |
_a[Caracas?] : _bPublicación de la Secretaría Nacional de Comunicaciones, [M.E.P, _c1976]. |
||
| 300 |
_a271 p., [6] leaves of plates : _bill. ; _c18 cm. |
||
| 500 | _a"10 de diciembre de 1976, 9 ̊aniversario del M.E.P." | ||
| 610 | 2 | 0 |
_aMovimiento Electoral del Pueblo _932702 |
| 651 | 0 |
_aVenezuela _xPolitica y gobierno _y1935- _926230 |
|
| 700 | 1 |
_aPrieto F., Luis B., _d1902-1993 _q(Luis Beltrán Prieto Figueroa), _983787 |
|
| 910 | _aCatalogación por copia /Oxford | ||
| 942 |
_2ddc _cLBS1 |
||
| 999 |
_c14070 _d14070 |
||